000 00980cam a2200277 4500
001 ABS61836
008 000000n1999 000 0 eng u
035 _a(Sirsi) u103729
100 _aMurdoch, S.
245 _aIn court in 1999
260 _c1999
490 _aEstates Gazette
_v(9950) 18 December 1999, 74-75(2)
520 _aHighlights the key property law cases of 1999. Looks at decisions concerning mistake of law, expert witnesses, landlord's duties, Section 17 notices and the Landlord and Tenant Act 1954.
590 _aABS
650 _aPROPERTY LAW
650 _aLANDLORDS DUTIES
650 _aEXPERT WITNESSES
650 _aLANDLORD AND TENANT ACT 1954
650 _aPEACOCK PLC V DB RAMSDEN AND CO LTD (NO2)
650 _aMORGAN SINDALL PLC V SAWSTON FARMS (CAMBS) LTD
650 _aNYNEHEAD DEVELOPMENTS LTD V RH FIBREBOARD CONTAINERS LTD
650 _aCRICKET LTD V SHAFTESBURY
690 _aPROPERTY
700 _aMurdoch, J.
942 _n0
999 _c62297
_d62297